000 00601nam a22001817a 4500
999 _c179881
_d179881
005 20210713130340.0
010 _aENG-129544
020 _c350.00
035 _aEN-113076
037 _bDBAD/PUB
082 _a616.546
100 _aDeodatta Bhadlikar
245 _aTrichology in ayurveda/
_cby Deodatta Bhadlikar
260 _aPune
_bDeerghayu International
_c2020
270 _bPune
_a36,Kothrud gaothan, opp. Mhatoba temple, Navgrah maruti, Bodhi vruksha
_k9822037665
_e411038
_mdeerghayuinternational@gmail.com
300 _a181p;
_c22cm(pbk)
942 _2ddc
_cEN
_h616.546
_mBHA